Kavyanjali (Record no. 7097)

MARC details
000 -LEADER
fixed length control field 00532cam a2200217ua 4500
001 - CONTROL NUMBER
control field 7983
005 - DATE AND TIME OF LATEST TRANSACTION
control field 20260515114257.0
008 - FIXED-LENGTH DATA ELEMENTS--GENERAL INFORMATION
fixed length control field 150103n ii |||gr||||Z||||||hin
020 ## - INTERNATIONAL STANDARD BOOK NUMBER
International Standard Book Number 9788190866835
040 ## - CATALOGING SOURCE
Transcribing agency MAIN
041 ## - LANGUAGE CODE
Language code of text/sound track or separate title hin
082 ## - DEWEY DECIMAL CLASSIFICATION NUMBER
Classification number 891.434
100 ## - MAIN ENTRY--PERSONAL NAME
Personal name Sahay, A. N.,
Relator term Editor.
245 1# - TITLE STATEMENT
Title Kavyanjali
Statement of responsibility, etc. Edited by Alakh Niranjan Sahay
250 ## - EDITION STATEMENT
Edition statement 2nd.
260 ## - PUBLICATION, DISTRIBUTION, ETC.
Place of publication, distribution, etc. Dibrugarh:
Name of publisher, distributor, etc. Kangan,
Date of publication, distribution, etc. 2010.
300 ## - PHYSICAL DESCRIPTION
Extent 56p.
653 ## - INDEX TERM--UNCONTROLLED
Uncontrolled term East Indo-European & Celtic literatures
653 ## - INDEX TERM--UNCONTROLLED
Uncontrolled term Hindi essays
942 ## - ADDED ENTRY ELEMENTS (KOHA)
Koha item type Books
Holdings
Withdrawn status Lost status Damaged status Not for loan Home library Current library Shelving location Date acquired Total checkouts Full call number Barcode Date last seen Copy number Price effective from Koha item type
        Naharkatiya College Library Naharkatiya College Library General stacks 09/19/2020   891.434 | KAV 20301 09/19/2020 1 09/19/2020 Books